Coldest Countries on Earth Quiz Stats

 Plays Quiz Updated May 21, 2018

Also try: Weather Warnings
Challenge
Share
Tweet
Embed
Score 0/44 Timer 05:00
1 Play Today
Temperature Country % Correct
-68C/-90FRussia
99.1%
-62C/-80FUnited States
97.4%
-63C/-81FCanada
97.3%
-52.6C/-62.7FSweden
94.8%
-69.6C/-93.3FDenmark (Greenland)
94.4%
-51.5C/-60.7FFinland
93.8%
-51.4C/-60.5FNorway
92.9%
-52.3C/-62.14FChina
90.3%
-45.9C/-50.6FGermany
88.8%
-37.9C/-36.2FIceland
86.8%
-41C/-41.8FJapan
82.1%
-41C/-41.8FFrance
81%
-41C/-41.8FPoland
80.9%
-56C/-68.8FMongolia
77.8%
-41.8C/-43.2FSwitzerland
77.5%
-39C/-38.2FArgentina
76.1%
-40C/-40FChile
76.1%
-41.9C/-43.4FUkraine
75.2%
-43.1C/-45.6FLatvia
74%
-43.5C/-46FEstonia
72.5%
-42.9C/-45.2FLithuania
72%
-37.4C/-35.3Austria
71%
Temperature Country % Correct
-42C/-43.6FItaly
67.1%
-42.2C/-44FCzechia
66.7%
-51.6C/-60.9FKazakhstan
65.5%
-42.2C/-44FBelarus
63.8%
-43.6C/-46.5FNorth Korea
63.3%
-41C/-41.8FSlovakia
62.5%
-38.5C/-37.3FRomania
61.5%
-35C/-31FHungary
60.1%
-46.4C/-51.5FTurkey
57.6%
-39.8C/-39.6FUzbekistan
56.4%
-52.2C/-62FAfghanistan
55.3%
-35C/-31FTurkmenistan
54.6%
-42C/-43.6FGeorgia
53%
-39.5C/-39.1FSerbia
53%
-38.3C/-37FBulgaria
52.7%
-51.6C/-60.9FTajikistan
51.1%
-35.5C/-31.5FCroatia
49%
-53.6C/-64.5FKyrgyzstan
48.8%
-36C/-32.8FIran
48%
-42.2C/-44FArmenia
43.4%
-35.5C/-31.5FMoldova
42.4%
-43.5C/-46FBosnia and Herzegovina
38.4%

You're not logged in!

Compare scores with friends on all Sporcle quizzes.
OR
Log In

You Might Also Like...

Show Comments

Extras

Top Quizzes Today


Score Distribution

Your Account Isn't Verified!

In order to create a playlist on Sporcle, you need to verify the email address you used during registration. Go to your Sporcle Settings to finish the process.

Report this User

Report this user for behavior that violates our Community Guidelines.

Details: